000
00364nam a2200133Ia 4500
008
151001s9999||||xx |||||||||||||| ||und||
100
_a
सैदी एस हुसेन
245
_a
डोंगरी ते दुबई
250
_a
1
260
_b
मेहता प्रकाशन पुणे
260
_c
2013
300
_a
9428
365
_b
21
999
_c
999327
_d
999324